Statistics for Closer - The Chainsmokers ft. Halsey (All Lyrics)

Click here to take the quiz!

General Stats

  • This quiz has been taken 5,633 times
  • The average score is 303 of 363

Answer Stats

Answer% Correct
I
99%
a
98%
me
98%
you.
98%
You
98%
you
98%
the
97%
closer
96%
your
96%
in
95%
back
94%
that
94%
of
93%
that's
93%
baby
92%
Pull
92%
pull
92%
know
91%
Rover,
91%
seat
91%
So
91%
can't
90%
an
89%
to
89%
on
88%
We
88%
we
88%
and
87%
And
87%
shoulder.
87%
was
86%
Hey
85%
just
85%
met
85%
afford.
84%
but
84%
getting
84%
tattoo
84%
older.
83%
OK.
82%
okay.
82%
it
81%
never
81%
no
81%
No
81%
No,
81%
ain't
80%
before
80%
from
80%
I'm
79%
stole
79%
doing
78%
fine
78%
sheets
78%
too
78%
corner,
77%
corner
77%
ever
77%
much
77%
right
77%
issue,
76%
mattress
75%
off
74%
drink
73%
look
73%
roommate
73%
see
73%
Bite
72%
car.
72%
stop.
72%
stop
72%
Boulder.
71%
friends
71%
heart,
71%
meet
71%
them,
71%
them
71%
again.
70%
city
70%
nice
70%
bar.
69%
broke
69%
down
69%
breaks
68%
hope
68%
hotel
68%
tell
68%
Now
67%
years
66%
four
65%
pretty
65%
looking
64%
you're
63%
calls.
61%
day
61%
moved
60%
as
58%
good
58%
forgot
54%
insane.
54%
why
53%
left
52%
song
48%
play
45%
Blink-182
44%
Stay
41%
beat
39%
death
39%
Tuscon,
35%

Score Distribution

Percentile by Number Answered

Percent of People with Each Score

Your Score History

You have not taken this quiz